Combien de fois pouvez-vous écrire MDR - Statistiques

Statistiques générales
  • Ce quiz a été pris 938 fois
  • Le résultat moyen est 62 sur 500
Statistiques - réponses
Mdr % Correct
Mdr
100%
Mdr
99%
Mdr
98%
Mdr
97%
Mdr
96%
Mdr
95%
Mdr
94%
Mdr
94%
Mdr
93%
Mdr
92%
Mdr
92%
Mdr
91%
Mdr
90%
Mdr
89%
Mdr
88%
Mdr
87%
Mdr
86%
Mdr
85%
Mdr
84%
Mdr
83%
Mdr
81%
Mdr
79%
Mdr
78%
Mdr
75%
Mdr
74%
Mdr
72%
Mdr
71%
Mdr
69%
Mdr
67%
Mdr
65%
Mdr
62%
Mdr
60%
Mdr
57%
Mdr
53%
Mdr
51%
Mdr
49%
Mdr
47%
Mdr
45%
Mdr
42%
Mdr
40%
Mdr
37%
Mdr
34%
Mdr
31%
Mdr
29%
Mdr
28%
Mdr
27%
Mdr
25%
Mdr
23%
Mdr
22%
Mdr
21%
Mdr
21%
Mdr
20%
Mdr
19%
Mdr
18%
Mdr
17%
Mdr
17%
Mdr
16%
Mdr
16%
Mdr
16%
Mdr
15%
Mdr
15%
Mdr
14%
Mdr
14%
Mdr
14%
Mdr
13%
Mdr
12%
Mdr
12%
Mdr
11%
Mdr
11%
Mdr
11%
Mdr
11%
Mdr
11%
Mdr
11%
Mdr
11%
Mdr
11%
Mdr
11%
Mdr
11%
Mdr
11%
Mdr
11%
Mdr
11%
Mdr
11%
Mdr
11%
Mdr
11%
Mdr
11%
Mdr
11%
Mdr
11%
Mdr
10%
Mdr
10%
Mdr
10%
Mdr
10%
Mdr
10%
Mdr
10%
Mdr
10%
Mdr
10%
Mdr
10%
Mdr
10%
Mdr
10%
Mdr
10%
Mdr
10%
Mdr
10%
Mdr
10%
Mdr
10%
Mdr
10%
Mdr
10%
Mdr
10%
Mdr
10%
Mdr
9%
Mdr
9%
Mdr
9%
Mdr
9%
Mdr
9%
Mdr
9%
Mdr
9%
Mdr
9%
Mdr
9%
Mdr
9%
Mdr
9%
Mdr
9%
Mdr
9%
Mdr
9%
Mdr
9%
Mdr
9%
Mdr
9%
Mdr
9%
Mdr
9%
Mdr
9%
Mdr
9%
Mdr
9%
Mdr
9%
Mdr
9%
Mdr
9%
Mdr
9%
Mdr
9%
Mdr
9%
Mdr
9%
Mdr
9%
Mdr
9%
Mdr
8%
Mdr
8%
Mdr
8%
Mdr
8%
Mdr
8%
Mdr
8%
Mdr
8%
Mdr
8%
Mdr
8%
Mdr
8%
Mdr
8%
Mdr
8%
Mdr
8%
Mdr
8%
Mdr
8%
Mdr
8%
Mdr
8%
Mdr
8%
Mdr
8%
Mdr
8%
Mdr
8%
Mdr
8%
Mdr
8%
Mdr
8%
Mdr
8%
Mdr
8%
Mdr
8%
Mdr
8%
Mdr
8%
Mdr
8%
Mdr
8%
Mdr
8%
Mdr
8%
Mdr
8%
Mdr
8%
Mdr
8%
Mdr
8%
Mdr
8%
Mdr
8%
Mdr
8%
Mdr
8%
Mdr
8%
Mdr
8%
Mdr
8%
Mdr
8%
Mdr
8%
Mdr
8%
Mdr
8%
Mdr
8%
Mdr
8%
Mdr
8%
Mdr
8%
Mdr
7%
Mdr
7%
Mdr
7%
Mdr
7%
Mdr
7%
Mdr
7%
Mdr
7%
Mdr
7%
Mdr
7%
Mdr
7%
Mdr
7%
Mdr
7%
Mdr
7%
Mdr
7%
Mdr
7%
Mdr
7%
Mdr
7%
Mdr
7%
Mdr
7%
Mdr
7%
Mdr
7%
Mdr
7%
Mdr
7%
Mdr
7%
Mdr
7%
Mdr
6%
Mdr
6%
Mdr
6%
Mdr
6%
Mdr
6%
Mdr
6%
Mdr
6%
Mdr
6%
Mdr
6%
Mdr
6%
Mdr
6%
Mdr
6%
Mdr
6%
Mdr
6%
Mdr
6%
Mdr
5%
Mdr
5%
Mdr
5%
Mdr
5%
Mdr
5%
Mdr
5%
Mdr
5%
Mdr
5%
Mdr
5%
Mdr
5%
Mdr
5%
Mdr
5%
Mdr
5%
Mdr
5%
Mdr
5%
Mdr
5%
Mdr
5%
Mdr
5%
Mdr
5%
Mdr
5%
Mdr
5%
Mdr
5%
Mdr
5%
Mdr
5%
Mdr
5%
Mdr
5%
Mdr
5%
Mdr
5%
Mdr
5%
Mdr
5%
Mdr
5%
Mdr
5%
Mdr
5%
Mdr
5%
Mdr
5%
Mdr
5%
Mdr
5%
Mdr
5%
Mdr
5%
Mdr
5%
Mdr
5%
Mdr
5%
Mdr
5%
Mdr
5%
Mdr
5%
Mdr
5%
Mdr
5%
Mdr
5%
Mdr
5%
Mdr
5%
Mdr
5%
Mdr
5%
Mdr
5%
Mdr
5%
Mdr
5%
Mdr
5%
Mdr
5%
Mdr
5%
Mdr
5%
Mdr
5%
Mdr
5%
Mdr
5%
Mdr
5%
Mdr
5%
Mdr
5%
Mdr
5%
Mdr
5%
Mdr
5%
Mdr
5%
Mdr
5%
Mdr
5%
Mdr
5%
Mdr
5%
Mdr
5%
Mdr
5%
Mdr
5%
Mdr
5%
Mdr
5%
Mdr
5%
Mdr
5%
Mdr
5%
Mdr
5%
Mdr
5%
Mdr
5%
Mdr
5%
Mdr
5%
Mdr
5%
Mdr
5%
Mdr
5%
Mdr
5%
Mdr
5%
Mdr
5%
Mdr
5%
Mdr
5%
Mdr
5%
Mdr
5%
Mdr
5%
Mdr
5%
Mdr
5%
Mdr
5%
Mdr
5%
Mdr
5%
Mdr
5%
Mdr
5%
Mdr
5%
Mdr
5%
Mdr
5%
Mdr
5%
Mdr
5%
Mdr
5%
Mdr
5%
Mdr
5%
Mdr
5%
Mdr
5%
Mdr
5%
Mdr
5%
Mdr
5%
Mdr
5%
Mdr
4%
Mdr
4%
Mdr
4%
Mdr
4%
Mdr
4%
Mdr
4%
Mdr
4%
Mdr
4%
Mdr
4%
Mdr
4%
Mdr
4%
Mdr
4%
Mdr
4%
Mdr
4%
Mdr
4%
Mdr
4%
Mdr
4%
Mdr
4%
Mdr
4%
Mdr
4%
Mdr
4%
Mdr
4%
Mdr
4%
Mdr
4%
Mdr
4%
Mdr
4%
Mdr
4%
Mdr
4%
Mdr
4%
Mdr
4%
Mdr
4%
Mdr
4%
Mdr
4%
Mdr
4%
Mdr
4%
Mdr
4%
Mdr
4%
Mdr
4%
Mdr
4%
Mdr
4%
Mdr
4%
Mdr
4%
Mdr
4%
Mdr
4%
Mdr
4%
Mdr
4%
Mdr
4%
Mdr
4%
Mdr
4%
Mdr
4%
Mdr
4%
Mdr
4%
Mdr
4%
Mdr
4%
Mdr
4%
Mdr
4%
Mdr
4%
Mdr
4%
Mdr
4%
Mdr
4%
Mdr
4%
Mdr
4%
Mdr
4%
Mdr
4%
Mdr
4%
Mdr
4%
Mdr
4%
Mdr
4%
Mdr
4%
Mdr
4%
Mdr
4%
Mdr
4%
Mdr
4%
Mdr
4%
Mdr
4%
Mdr
4%
Mdr
4%
Mdr
4%
Mdr
4%
Mdr
4%
Mdr
4%
Mdr
4%
Mdr
4%
Mdr
4%
Mdr
4%
Mdr
4%
Mdr
4%
Mdr
4%
Mdr
4%
Mdr
4%
Mdr
4%
Mdr
4%
Mdr
4%
Mdr
4%
Mdr
4%
Mdr
4%
Mdr
4%
Mdr
4%
Mdr
4%
Mdr
4%
Mdr
4%
Mdr
4%
Mdr
4%
Mdr
4%
Mdr
4%
Mdr
4%
Mdr
4%
Mdr
4%
Mdr
4%
Mdr
4%
Mdr
4%
Mdr
4%
Mdr
4%
Mdr
4%
Mdr
4%
Mdr
3%
Mdr
3%
Mdr
3%
Mdr
3%
Mdr
3%
Mdr
3%
Mdr
3%
Mdr
3%
Mdr
3%
Mdr
3%
Mdr
3%
Mdr
3%
Mdr
3%
Mdr
3%
Mdr
3%
Mdr
3%
Mdr
3%
Mdr
3%
Mdr
3%
Mdr
3%
Mdr
3%
Mdr
3%
Mdr
3%
Mdr
3%
Mdr
3%
Mdr
3%
Mdr
3%
Mdr
3%
Mdr
3%
Mdr
3%
Mdr
3%
Mdr
3%
Mdr
3%
Mdr
3%
Mdr
3%
Mdr
3%
Mdr
3%
Mdr
3%
Aucun quiz correspondant
Distribution des résultats
% des personnes avec chaque résultat
Percentile par nombre de réponses
Votre historique - résultats
Vous n’avez pas pris ce quiz